Porušovanie pracovnej disciplíny

Právne povinnosti zamestnanca, ktoré mu vyplývajú z pracovnej zmluvy, kolektívnej zmluvy a pracovného poriadku.

Salvato in:
Dettagli Bibliografici
Autore principale: Tichý, Miroslav
Natura: Capitolo di libro
Lingua:slovacco
Soggetti:
Tags: Aggiungi Tag
Nessun Tag, puoi essere il primo ad aggiungerne!!

MARC

LEADER 00000naa a2200000 4500
001 0282796
005 20240417075159.8
041 0 |a slo 
044 |a SK 
245 1 0 |a Porušovanie pracovnej disciplíny  |c Miroslav Tichý 
520 |a Právne povinnosti zamestnanca, ktoré mu vyplývajú z pracovnej zmluvy, kolektívnej zmluvy a pracovného poriadku. 
610 2 0 |a právo pracovné 
610 2 0 |a disciplína pracovná 
610 2 0 |a zamestnanci 
610 2 0 |a zákonník práce 
610 2 0 |a zmluvy pracovné 
610 2 0 |a poriadok pracovný 
100 1 |a Tichý, Miroslav